[Event "Politiken Cup"]
[Site "Helsingor DEN"]
[Date "2015.07.26"]
[EventDate "2015.07.25"]
[Round "3.6"]
[Result "0-1"]
[White "Gawain Jones"]
[Black "Ravi Haria"]
[WhiteElo "2647"]
[BlackElo "2261"]
[PlyCount "88"]

1. e4 e6 2. d4 d5 3. Nd2 Nc6 4. Ngf3 Nf6 5. e5 Nd7 6. c3 f6
7. Bb5 fxe5 8. dxe5 Be7 9. O-O O-O 10. Re1 Qe8 11. Nd4 Nxd4
12. cxd4 Qf7 13. Nf3 c5 14. dxc5 Nxc5 15. Be3 a6 16. Be2 Bd7
17. Nd4 g5 18. Rc1 Rac8 19. f3 Qg7 20. Bf2 a5 21. Bf1 b6
22. Rc2 g4 23. fxg4 Ne4 24. Rxc8 Bxc8 25. Be3 Bc5 26. Nf3 Qxg4
27. Bxc5 bxc5 28. Bd3 Bb7 29. Qe2 Qg7 30. Rf1 Bc6 31. b3 Nc3
32. Qe1 d4 33. Kh1 Nd5 34. Be4 Ne3 35. Qxe3 dxe3 36. Bxc6 Qxe5
37. Bb5 Qe4 38. Bc4 Kg7 39. a4 Qc2 40. Kg1 e5 41. Ra1 Qf2+
42. Kh1 e2 43. Rg1 Rxf3 44. gxf3+ Qxg1+ 0-1

[Event "Politiken Cup"]
[Site "Helsingor DEN"]
[Date "2015.07.28"]
[EventDate "2015.07.25"]
[Round "5.18"]
[Result "0-1"]
[White "Alexander Rosenkilde"]
[Black "Gawain Jones"]
[WhiteElo "2225"]
[BlackElo "2647"]
[PlyCount "50"]

1. d4 Nf6 2. c4 e6 3. Nf3 c5 4. d5 d6 5. Nc3 exd5 6. cxd5 g6
7. Bf4 a6 8. a4 Bg7 9. h3 O-O 10. e3 Nh5 11. Bh2 f5 12. Be2 f4
13. exf4 Nxf4 14. O-O Nd7 15. Nd2 Ne5 16. Nce4 Qe7 17. Re1 Kh8
18. Qb3 g5 19. Nf3 Bxh3 20. gxh3 Nxe2+ 21. Rxe2 Nxf3+ 22. Kh1
Nd4 23. Qe3 Rf3 24. Qxg5 Qxg5 25. Nxg5 Rf5 0-1

[Event "Politiken Cup"]
[Site "Helsingor DEN"]
[Date "2015.07.29"]
[EventDate "2015.07.25"]
[Round "6.10"]
[Result "0-1"]
[White "Gawain Jones"]
[Black "Kristian Stuvik Holm"]
[WhiteElo "2647"]
[BlackElo "2398"]
[PlyCount "136"]

1. e4 e6 2. d4 d5 3. Nd2 Nf6 4. e5 Nfd7 5. Bd3 c5 6. c3 Nc6
7. Ngf3 Qb6 8. O-O cxd4 9. cxd4 Nxd4 10. Nxd4 Qxd4 11. Nf3 Qb6
12. Qc2 h6 13. Bf4 Nc5 14. Be3 Bd7 15. Rac1 Rc8 16. Qd2 Qd8
17. Bb1 a5 18. Rfd1 Be7 19. Nd4 h5 20. Qe2 g6 21. Nb5 Qb6
22. Nd4 Qd8 23. Rc3 Kf8 24. Bf4 Kg7 25. Rg3 Be8 26. Qe3 Bd7
27. h3 Na4 28. Qd2 h4 29. Rg4 Rh5 30. Nf3 Be8 31. Be3 Nc5
32. Ng5 Rc6 33. Nf3 Rc8 34. Bd4 Ne4 35. Qe2 Ba4 36. Re1 Bc6
37. Qe3 Qh8 38. Bb6 Bb4 39. Rd1 Ba4 40. Rd4 Bc2 41. Bxc2 Rxc2
42. Rdxe4 dxe4 43. Nd4 Rxb2 44. Qc1 Rxa2 45. Nxe6+ fxe6
46. Qc7+ Kh6 47. Be3+ g5 48. Rxe4 Qh7 49. Qc8 Ra1+ 50. Kh2
Qxe4 51. Qh8+ Kg6 52. Qf6+ Kh7 53. Qf7+ Kh8 54. Qxh5+ Kg7
55. Qxg5+ Qg6 56. Qxh4 Rd1 57. Bg5 Rd5 58. Bf6+ Kf7 59. Qc4
Bc5 60. Qb3 Qd3 61. Qxb7+ Rd7 62. Qb2 Qd2 63. Qb1 Qf4+ 64. Kh1
Qf5 65. Qc1 Qxf2 66. Bg5 Qg1+ 67. Qxg1 Bxg1 68. Kxg1 a4 0-1

[Event "Politiken Cup"]
[Site "Helsingor DEN"]
[Date "2015.07.31"]
[EventDate "2015.07.25"]
[Round "8.15"]
[Result "1-0"]
[White "Gawain Jones"]
[Black "Brede Kvisvik"]
[WhiteElo "2647"]
[BlackElo "2304"]
[PlyCount "123"]

1. c4 e5 2. Nc3 Bb4 3. g3 Bxc3 4. bxc3 d6 5. Bg2 Ne7 6. Nf3
O-O 7. O-O Nbc6 8. d4 f6 9. e4 b6 10. c5 dxc5 11. Qb3+ Kh8
12. dxe5 Nxe5 13. Nxe5 fxe5 14. f4 Nc6 15. f5 Na5 16. Qc2 Nc4
17. h4 h6 18. Bf3 Bb7 19. g4 Qxh4 20. Kg2 Nd6 21. Rh1 Bxe4
22. Qxe4 Qxh1+ 23. Kxh1 Nxe4 24. Bxe4 Rad8 25. Be3 Rd6 26. Re1
Rfd8 27. Bc2 c4 28. Re2 Kg8 29. Kg2 Rd5 30. a3 Ra5 31. Bc1
Rad5 32. Kf3 Kf7 33. Re1 a5 34. Be3 Rb5 35. Bc1 Rbd5 36. Rg1
b5 37. Be3 c5 38. Rb1 b4 39. axb4 cxb4 40. cxb4 Rb8 41. Be4
Rdb5 42. Ba7 Rc8 43. bxa5 Rxa5 44. Rb7+ Kg8 45. Be3 Ra3
46. Bd5+ Kh8 47. Be6 Rf8 48. Rc7 Ra4 49. Ke4 c3+ 50. Kf3 Ra6
51. Kg3 Rd8 52. Rxc3 Rad6 53. Rc7 Rd3 54. Kf3 Ra3 55. Ke4 Ra4+
56. Bc4 Re8 57. f6 gxf6 58. Kf5 Rg8 59. Bxg8 Kxg8 60. Bxh6 Kh8
61. Bg7+ Kg8 62. Bxf6 1-0

[Event "Politiken Cup"]
[Site "Helsingor DEN"]
[Date "2015.08.01"]
[EventDate "2015.07.25"]
[Round "9.7"]
[Result "1/2-1/2"]
[White "Jens Kristiansen"]
[Black "Gawain Jones"]
[WhiteElo "2423"]
[BlackElo "2647"]
[PlyCount "67"]

1. d4 Nf6 2. c4 g6 3. Nc3 Bg7 4. e4 d6 5. Nf3 O-O 6. Be2 Nbd7
7. e5 dxe5 8. dxe5 Ng4 9. e6 fxe6 10. O-O Nc5 11. h3 Bxc3
12. bxc3 Qxd1 13. Rxd1 Nf6 14. Bh6 Re8 15. Bf4 c6 16. Ne5 b6
17. Nxc6 Bb7 18. Nd4 Nfe4 19. Rac1 Rf8 20. Be3 Rad8 21. Bg4
Rd6 22. Nb5 Rxd1+ 23. Rxd1 h5 24. Bf3 a6 25. Bxe4 Bxe4
26. Bxc5 bxc5 27. Nc7 Kf7 28. Nxa6 Rc8 29. Rd7 Rc6 30. Ra7 Ke8
31. Ra8+ Kf7 32. Ra7 Ke8 33. Ra8+ Kf7 34. Ra7 1/2-1/2

[Event "Politiken Cup"]
[Site "Helsingor DEN"]
[Date "2015.08.02"]
[EventDate "2015.07.25"]
[Round "10.9"]
[Result "0-1"]
[White "Daniel Semcesen"]
[Black "Gawain Jones"]
[WhiteElo "2437"]
[BlackElo "2647"]
[PlyCount "84"]

1. d4 Nf6 2. c4 g6 3. Nc3 Bg7 4. e4 d6 5. h3 O-O 6. Nf3 e5
7. d5 Nh5 8. Bg5 Qe8 9. Qd2 Na6 10. Be2 Nf4 11. O-O Nxe2+
12. Qxe2 f5 13. Bd2 f4 14. Rab1 g5 15. Nh2 h5 16. f3 Rf6
17. b4 Rg6 18. Nd1 c5 19. a3 Bf6 20. Nf2 Bd8 21. b5 Nb8
22. Rb3 Nd7 23. a4 a6 24. Rfb1 axb5 25. axb5 Qf7 26. Bc3 Qg7
27. Ra1 Rxa1+ 28. Bxa1 g4 29. fxg4 Bh4 30. Ra3 Nb6 31. Nd3 Bg3
32. gxh5 Bxh2+ 33. Kxh2 Rg3 34. Qf2 Nxc4 35. Rc3 Re3 36. Rxc4
Rxd3 37. Rc1 Qg5 38. Re1 Rg3 39. Rc1 Qh4 40. Qf1 f3 41. Rc2
Qf4 42. Qh1 Rxg2# 0-1

[Event "PokerStars IoM Masters"]
[Site "Douglas ENG"]
[Date "2015.10.05"]
[EventDate "2015.10.03"]
[Round "3.11"]
[Result "0-1"]
[White "Gawain Jones"]
[Black "Kidambi Sundararajan"]
[WhiteElo "2623"]
[BlackElo "2497"]
[PlyCount "70"]

1. e4 e6 2. d4 d5 3. Nd2 c5 4. Ngf3 Nc6 5. exd5 exd5 6. Bb5
Bd6 7. dxc5 Bxc5 8. O-O Ne7 9. Nb3 Bd6 10. h3 O-O 11. c3 Bf5
12. Be3 Qc7 13. Nbd4 Rad8 14. Nxf5 Nxf5 15. Bg5 Be7 16. Bd3
Bxg5 17. Nxg5 h6 18. Bxf5 hxg5 19. Qh5 g6 20. Qxg5 Qe5 21. g4
d4 22. Rae1 Qg7 23. Be4 dxc3 24. bxc3 Qxc3 25. Re3 Qd4 26. Rb1
Rd7 27. h4 Ne5 28. h5 Qxe4 29. Rxe4 Nf3+ 30. Kg2 Nxg5 31. Re5
Ne6 32. hxg6 Nf4+ 33. Kg3 fxg6 34. Rbe1 Rh7 35. g5 Nd3 0-1

[Event "PokerStars IoM Masters"]
[Site "Douglas ENG"]
[Date "2015.10.06"]
[EventDate "2015.09.02"]
[Round "4.20"]
[Result "0-1"]
[White "Peter T Roberson"]
[Black "Gawain Jones"]
[WhiteElo "2423"]
[BlackElo "2623"]
[PlyCount "235"]

1. e4 e5 2. Nf3 Nc6 3. Bb5 a6 4. Ba4 Nf6 5. O-O Be7 6. Re1 b5
7. Bb3 d6 8. c3 O-O 9. h3 Nd7 10. d4 Bf6 11. d5 Ne7 12. Nbd2
Ng6 13. Nf1 Nh4 14. a4 Nxf3+ 15. Qxf3 Rb8 16. Bc2 Bg5 17. Bxg5
Qxg5 18. axb5 axb5 19. Ra7 Qd8 20. b4 Nb6 21. Qd3 Bd7 22. Ne3
Ra8 23. Rea1 Rxa7 24. Rxa7 g6 25. Qe2 f5 26. exf5 gxf5 27. Qh5
e4 28. f4 Rf7 29. Kh2 Bc8 30. Qe2 Qf6 31. Qd2 h5 32. Ra1 Rg7
33. Rg1 h4 34. g3 hxg3+ 35. Rxg3 Rxg3 36. Kxg3 Nc4 37. Nxc4
bxc4 38. Bd1 Bd7 39. Be2 Bb5 40. Qe3 Kf8 41. Kf2 Ke7 42. Qg3
Kd7 43. h4 e3+ 44. Qxe3 Qxh4+ 45. Qg3 Qh8 46. Bf1 Kc8 47. Bh3
Bd7 48. Bf1 Bb5 49. Bh3 Qh7 50. Qe3 Kb7 51. Bf1 Qh8 52. Qh3
Qf8 53. Be2 Qg7 54. Bf1 Kb8 55. Be2 Ba6 56. Qe3 Qh8 57. Bf1
Qh2+ 58. Bg2 Bb5 59. Qg3 Qh8 60. Qh3 Qf6 61. Bf1 Ka7 62. Be2
Kb7 63. Bf1 Qe7 64. Qe3 Qh4+ 65. Qg3 Qh1 66. Qg2 Qh8 67. Qh3
Qa8 68. Qxf5 Qa7+ 69. Kg2 Qe3 70. Qh3 Qd2+ 71. Kg1 Qxf4
72. Be2 Qe5 73. Kf2 Ba4 74. Qe3 Qh2+ 75. Ke1 Qh1+ 76. Kd2
Qxd5+ 77. Kc1 Kb8 78. Bf3 Qf7 79. Qe4 c6 80. Kd2 Qf6 81. Qe8+
Kc7 82. Qe3 Kb7 83. Be2 d5 84. Bg4 Qg7 85. Qe6 Kb6 86. Qe3+
Kb7 87. Qe6 Qf8 88. Qf5 Qh6+ 89. Ke2 Qh2+ 90. Kf1 Qh1+ 91. Kf2
Kb6 92. Qe5 Qh4+ 93. Ke3 Qe1+ 94. Be2 Ka6 95. Qh8 Qg3+ 96. Kd2
Kb7 97. Qh7+ Kb6 98. Qh8 Qf4+ 99. Ke1 Qd6 100. Qd4+ Kb7
101. Kd2 Qg6 102. Qe3 Qh7 103. Ke1 Bc2 104. Bf3 Be4 105. Be2
Qh1+ 106. Kd2 Qb1 107. Qd4 Qc2+ 108. Ke3 Qc1+ 109. Kf2 Qg5
110. Ke1 Qg2 111. Qe3 Qh2 112. Qd4 Qh6 113. Qe5 Bd3 114. Bxd3
cxd3 115. b5 Qc1+ 116. Kf2 Qb2+ 117. Ke3 Qe2+ 118. Kd4 0-1

[Event "PokerStars IoM Masters"]
[Site "Douglas ENG"]
[Date "2015.10.11"]
[EventDate "2015.10.03"]
[Round "9.9"]
[Result "1/2-1/2"]
[White "Martin Zumsande"]
[Black "Gawain Jones"]
[WhiteElo "2422"]
[BlackElo "2623"]
[PlyCount "160"]

1. e4 e5 2. Nf3 Nc6 3. d4 exd4 4. Nxd4 Bb4+ 5. c3 Bc5 6. Be3
Bb6 7. Nf5 g6 8. Bxb6 axb6 9. Ne3 Nf6 10. f3 O-O 11. c4 d5
12. cxd5 Nxe4 13. fxe4 Qh4+ 14. Kd2 Qxe4 15. Bd3 Qd4 16. Qb3
Re8 17. Re1 Ne5 18. Qc3 Qf4 19. Na3 Nxd3 20. Qxd3 Bf5 21. Rf1
Qb4+ 22. Qc3 Qxc3+ 23. bxc3 Rxa3 24. Nxf5 gxf5 25. Rxf5 Rea8
26. Raf1 Rxa2+ 27. Kd3 Rf8 28. Rg5+ Kh8 29. Rgf5 Rd8 30. c4 b5
31. Rxf7 bxc4+ 32. Kxc4 Rxg2 33. R1f2 Rxf2 34. Rxf2 Kg7
35. Rb2 b6 36. Re2 Kf7 37. Re6 Rd7 38. Rh6 Ke8 39. h4 Rf7
40. Kd4 Kd8 41. h5 Kc8 42. Ke5 Rd7 43. Re6 Kb8 44. Rf6 Kb7
45. Rc6 Rg7 46. Rh6 Ka6 47. Rc6 Rg5+ 48. Ke4 Kb7 49. Rh6 Rg7
50. Ke5 Rd7 51. Rc6 Rd8 52. Rh6 Re8+ 53. Re6 Rg8 54. Rh6 Rg7
55. Kf6 Rd7 56. Ke5 Kc8 57. Rf6 Re7+ 58. Kd4 Kd7 59. Rh6 Rg7
60. Ke5 Ke8 61. Kd4 Kf8 62. Rc6 Re7 63. Rh6 Kg7 64. Rc6 Kg8
65. Rc1 Rg7 66. Rc6 Kf8 67. Ke5 Ke8 68. Rh6 Kd7 69. Kd4 Kc8
70. Ke5 Kb7 71. Kf6 Rd7 72. Ke5 b5 73. Kd4 Rd6 74. Rxh7 Kb6
75. Ke4 b4 76. Rg7 c6 77. dxc6 Kxc6 78. Rg6 b3 79. Rxd6+ Kxd6
80. Kd3 Ke5 1/2-1/2

[Event "World Blitz Championship"]
[Site "Berlin GER"]
[Date "2015.10.13"]
[EventDate "2015.10.13"]
[Round "1.37"]
[Result "1-0"]
[White "Victor Mikhalevski"]
[Black "Gawain Jones"]
[WhiteElo "2536"]
[BlackElo "2623"]
[PlyCount "122"]

1. Nf3 g6 2. d4 Nf6 3. c4 Bg7 4. Nc3 O-O 5. e4 d6 6. Be2 e5
7. O-O Nbd7 8. Re1 c6 9. Bf1 a6 10. a3 Qe7 11. Bg5 h6 12. Bh4
Qe8 13. Rc1 Nh5 14. b4 g5 15. Bg3 g4 16. Nh4 Nxg3 17. hxg3
exd4 18. Ne2 Qe5 19. Nf5 Nf6 20. Nexd4 Bxf5 21. Nxf5 Rad8
22. Qc2 Rfe8 23. Bd3 Qe6 24. Qd2 Nd7 25. Qf4 Ne5 26. Bf1 Qg6
27. Rcd1 Bf6 28. Qxh6 Qxh6 29. Nxh6+ Kh7 30. Nf5 Re6 31. c5
dxc5 32. bxc5 Nd7 33. Bc4 Re5 34. Bxf7 Nxc5 35. Rxd8 Bxd8
36. f3 Nd3 37. Rd1 Bb6+ 38. Kf1 Nf2 39. Rd7 Rc5 40. Rxb7 Rc1+
41. Ke2 Rc2+ 42. Kf1 Rc1+ 43. Ke2 Rc2+ 44. Ke1 Nd3+ 45. Kd1
Rxg2 46. Bh5+ Kg8 47. Rb8+ Kh7 48. Rb7+ Kg8 49. Rxb6 Nb2+
50. Kc1 Nd3+ 51. Kb1 gxf3 52. Bxf3 Rf2 53. Bh5 Nc5 54. Bg6
Rf1+ 55. Kc2 Rf2+ 56. Kd1 Nd7 57. Rxc6 Ra2 58. Rxa6 Rb2
59. Ra8+ Nf8 60. a4 Rb6 61. a5 Rc6 1-0

[Event "World Blitz Championship"]
[Site "Berlin GER"]
[Date "2015.10.13"]
[EventDate "2015.10.13"]
[Round "2.57"]
[Result "1-0"]
[White "Gawain Jones"]
[Black "Andrei Shchekachev"]
[WhiteElo "2623"]
[BlackElo "2531"]
[PlyCount "61"]

1. e4 c5 2. Nf3 e6 3. g3 Nc6 4. Bg2 Nf6 5. d3 g6 6. d4 cxd4
7. Nxd4 Bg7 8. Nb5 d5 9. exd5 exd5 10. Bf4 O-O 11. O-O Bg4
12. Qd3 Bf5 13. Qd1 Qb6 14. a4 Bg4 15. Qd2 Rac8 16. Be3 d4
17. Nxd4 Qxb2 18. Na3 Qb4 19. Nxc6 Qxd2 20. Ne7+ Kh8 21. Bxd2
Rcd8 22. Bb4 Rfe8 23. Rfe1 Be6 24. Nb5 Bf8 25. Nc7 Bxe7
26. Nxe8 Rxe8 27. Bc3 b6 28. a5 Kg8 29. Bd4 Nd7 30. Bc6 Rc8
31. Bxd7 1-0

[Event "World Blitz Championship"]
[Site "Berlin GER"]
[Date "2015.10.13"]
[EventDate "2015.10.13"]
[Round "4.35"]
[Result "1/2-1/2"]
[White "Gawain Jones"]
[Black "Vladislav Kovalev"]
[WhiteElo "2623"]
[BlackElo "2546"]
[PlyCount "143"]

1. e4 e5 2. Nf3 Nc6 3. d4 exd4 4. Bc4 Nf6 5. e5 d5 6. Bb5 Ne4
7. Nxd4 Bd7 8. Bxc6 bxc6 9. O-O Bc5 10. Be3 Qb8 11. Nc3 Nxc3
12. bxc3 Bb6 13. Rb1 Qd8 14. Qd2 O-O 15. Bg5 Qe8 16. Rbe1 Kh8
17. Qf4 c5 18. Nf5 Bxf5 19. Qxf5 Qe6 20. Qf4 c4 21. Qd2 Rfe8
22. Be3 Rad8 23. f4 Qf5 24. Bxb6 axb6 25. Re3 c5 26. Rg3 h6
27. Rb1 Re6 28. Rf3 d4 29. cxd4 Rxd4 30. Qf2 Qe4 31. h3 Kh7
32. f5 Rxe5 33. Rxb6 Qe1+ 34. Kh2 Qxf2 35. Rxf2 c3 36. Rf3 Rd2
37. Rxc3 Rxf5 38. a4 Rff2 39. Rg3 Rxc2 40. a5 Ra2 41. a6 c4
42. Rc6 Ra4 43. Rf3 Rxf3 44. gxf3 c3 45. Kg3 c2 46. h4 Rxa6
47. Rxc2 Kg6 48. Rc5 f5 49. Rc4 Kf6 50. Rb4 g5 51. hxg5+ hxg5
52. Rb8 Rd6 53. Rf8+ Ke5 54. Re8+ Re6 55. Rg8 Kf6 56. Rf8+ Kg6
57. Rg8+ Kh5 58. Rh8+ Rh6 59. Rg8 Rf6 60. Rh8+ Kg6 61. Rg8+
Kh6 62. Ra8 Rc6 63. Ra5 Kg6 64. Ra8 Rc3 65. Rg8+ Kf6 66. Rf8+
Ke6 67. Kf2 Rc2+ 68. Ke3 f4+ 69. Kd4 Rf2 70. Ke4 Re2+ 71. Kd4
Re3 72. Re8+ 1/2-1/2

[Event "World Blitz Championship"]
[Site "Berlin GER"]
[Date "2015.10.13"]
[EventDate "2015.10.13"]
[Round "5.31"]
[Result "1-0"]
[White "Yuriy Kryvoruchko"]
[Black "Gawain Jones"]
[WhiteElo "2710"]
[BlackElo "2623"]
[PlyCount "85"]

1. Nf3 g6 2. d4 Nf6 3. e3 Bg7 4. Be2 O-O 5. O-O d6 6. c4 Nc6
7. d5 Ne5 8. Nxe5 dxe5 9. Nc3 e6 10. e4 Qe7 11. Be3 Rd8
12. Qc2 exd5 13. Nxd5 Nxd5 14. cxd5 a6 15. Rac1 Rd7 16. Rfd1
h5 17. Rd3 f5 18. f3 fxe4 19. fxe4 Qh4 20. Rc3 Rf7 21. d6 Be6
22. dxc7 Rc8 23. Bc4 Bxc4 24. Rxc4 Bf8 25. Qd3 Kh7 26. h3 Qg3
27. Qe2 Bd6 28. Bb6 Kg7 29. R4c3 Qg5 30. Qd3 Rd7 31. Qd5 Qe7
32. Qxb7 Qf8 33. Qxa6 g5 34. Rf3 Qe8 35. Rf5 Be7 36. Rxe5 Qf8
37. Bd4 Rxd4 38. Rxe7+ Qxe7 39. Qxc8 Rxe4 40. Qf5 Rf4 41. Qd3
Re4 42. Qc3+ Kh6 43. c8=Q 1-0

[Event "World Blitz Championship"]
[Site "Berlin GER"]
[Date "2015.10.13"]
[EventDate "2015.10.13"]
[Round "6.45"]
[Result "0-1"]
[White "Gawain Jones"]
[Black "Dariusz Swiercz"]
[WhiteElo "2623"]
[BlackElo "2620"]
[PlyCount "78"]

1. e4 c6 2. d4 d5 3. Nc3 dxe4 4. Nxe4 Nd7 5. Ng5 Ngf6 6. Bd3
e6 7. N1f3 Bd6 8. Qe2 h6 9. Ne4 Nxe4 10. Qxe4 Qc7 11. O-O b6
12. Qg4 Kf8 13. Qh4 Bb7 14. Re1 c5 15. Be4 Bxe4 16. Qxe4 Rc8
17. c4 Nf6 18. Qh4 cxd4 19. Bg5 hxg5 20. Qxh8+ Ke7 21. Qxg7
Rg8 22. Rxe6+ Kxe6 23. Re1+ Be5 24. Nxd4+ Kd6 25. Nb5+ Kc6
26. Qh6 Qe7 27. Qh3 g4 28. Qe3 Re8 29. Qd3 Qc5 30. Kf1 Re7
31. b4 Qxb4 32. a3 Qc5 33. Qd8 Kb7 34. Kg1 Bxh2+ 35. Kxh2 g3+
36. Kxg3 Qg5+ 37. Kh3 Qg4+ 38. Kh2 Qh4+ 39. Kg1 Rxe1# 0-1

[Event "World Blitz Championship"]
[Site "Berlin GER"]
[Date "2015.10.13"]
[EventDate "2015.10.13"]
[Round "7.59"]
[Result "0-1"]
[White "Ramil Hasangatin"]
[Black "Gawain Jones"]
[WhiteElo "2509"]
[BlackElo "2623"]
[PlyCount "104"]

1. e4 c5 2. Nf3 d6 3. Bb5+ Bd7 4. Bxd7+ Qxd7 5. O-O Nf6 6. e5
dxe5 7. Nxe5 Qc8 8. Qe2 Nbd7 9. d3 e6 10. Nd2 Qc7 11. Ndc4 b5
12. Nxd7 Nxd7 13. Nd2 Bd6 14. a4 bxa4 15. h3 Nb6 16. Nc4 O-O
17. Qe4 Qd7 18. Bd2 Rfc8 19. Ra2 Be7 20. Rfa1 Bf6 21. Bc1 Bd4
22. Kf1 Nxc4 23. dxc4 Rab8 24. c3 Bf6 25. Bf4 Rb6 26. Qc2 Qb7
27. Rb1 Rb3 28. Bd2 Rb8 29. Rxa4 Rxb2 30. Rxb2 Qxb2 31. Qxb2
Rxb2 32. Be3 Bxc3 33. Rxa7 f5 34. Bxc5 e5 35. g3 Rc2 36. Be3
h5 37. h4 Kh7 38. c5 Bb4 39. Rc7 Rc4 40. Rb7 f4 41. gxf4 exf4
42. c6 fxe3 43. fxe3 Bd6 44. Ke2 Rxc6 45. Kf3 Rc4 46. Rd7 Bf8
47. e4 Kg6 48. Rb7 Rc3+ 49. Kf4 Bd6+ 50. e5 Rc4+ 51. Kf3 Bxe5
52. Rb5 Kf5 0-1

[Event "World Blitz Championship"]
[Site "Berlin GER"]
[Date "2015.10.13"]
[EventDate "2015.10.13"]
[Round "8.44"]
[Result "1-0"]
[White "Gawain Jones"]
[Black "Vasily Papin"]
[WhiteElo "2623"]
[BlackElo "2502"]
[PlyCount "85"]

1. g3 c5 2. Bg2 Nc6 3. e4 g6 4. Ne2 Bg7 5. c3 e5 6. Na3 Nge7
7. d4 exd4 8. cxd4 Nxd4 9. Nxd4 cxd4 10. O-O O-O 11. Nb5 Qb6
12. a4 a6 13. Na3 d6 14. Bf4 Be6 15. a5 Qxa5 16. Nc4 Qc7
17. Nxd6 g5 18. Ne8 Qd8 19. Nxg7 gxf4 20. Nxe6 fxe6 21. Qg4+
Ng6 22. Qxe6+ Kh8 23. Rfd1 fxg3 24. hxg3 Rf6 25. Qd5 Rd6
26. Qxb7 Rb8 27. Qa7 Rxb2 28. Rab1 Rxb1 29. Rxb1 Rd7 30. Rb8
Rxa7 31. Rxd8+ Kg7 32. Rxd4 a5 33. Ra4 Ne5 34. f4 Nd3 35. e5
Nc5 36. Rc4 Nb3 37. Bc6 Rc7 38. f5 Nd2 39. Rg4+ Kf8 40. Bd5
Rc5 41. Rg8+ Ke7 42. f6+ Kd7 43. f7 1-0

[Event "World Blitz Championship"]
[Site "Berlin GER"]
[Date "2015.10.13"]
[EventDate "2015.10.13"]
[Round "9.32"]
[Result "1/2-1/2"]
[White "Matthias Bluebaum"]
[Black "Gawain Jones"]
[WhiteElo "2588"]
[BlackElo "2623"]
[PlyCount "220"]

1. d4 Nf6 2. c4 g6 3. Nc3 Bg7 4. e4 O-O 5. Nf3 d6 6. h3 e5
7. d5 Nh5 8. g3 f5 9. exf5 gxf5 10. Nh4 Nf4 11. Qc2 Na6
12. Bd2 Nb4 13. Qb1 a5 14. a3 Na6 15. Qc2 Nc5 16. O-O-O a4
17. Kb1 Bd7 18. Be3 Nb3 19. Rg1 Kh8 20. Nf3 Ng6 21. Bg5 Qb8
22. Nh4 Nxh4 23. Bxh4 Nd4 24. Qc1 Nf3 25. Rg2 c6 26. Be2 e4
27. dxc6 bxc6 28. Be7 Nd4 29. Bxf8 Qxf8 30. Qe3 c5 31. g4 f4
32. Qxe4 Bc6 33. Nd5 Nxe2 34. f3 Re8 35. Qd3 Nd4 36. g5 Bd7
37. Ka2 Bf5 38. Qd2 Rb8 39. Qxf4 Nc2 40. Nf6 Qc8 41. Rdd2 Nd4
42. Qxd6 Bg6 43. Qd7 Qxd7 44. Nxd7 Rc8 45. Nf6 Nxf3 46. Rd7
Ne5 47. Ra7 Nxc4 48. Rxa4 Ne3 49. Re2 Bf7+ 50. Kb1 Nf5 51. Ra7
Bg6 52. Ka2 h6 53. h4 Nxh4 54. Ree7 Nf5 55. Rxg7 Nxg7 56. gxh6
Nf5 57. Kb3 Nxh6 58. Kc3 Nf7 59. b4 Kg7 60. Nd7 cxb4+ 61. Kxb4
Rc1 62. Nc5 Kf6 63. Ra6+ Kg5 64. a4 Ne5 65. Rd6 Rb1+ 66. Kc3
Rc1+ 67. Kb4 Rc4+ 68. Kb5 Be8+ 69. Kb6 Rc1 70. Re6 Nc4+
71. Kc7 Bf7 72. Re7 Kf6 73. Re2 Ne5 74. Kb6 Rb1+ 75. Kc7 Bc4
76. Rc2 Rh1 77. Nd7+ Nxd7 78. Rxc4 Rh7 79. Kd6 Nb6 80. Rf4+
Kg5 81. Rb4 Nc8+ 82. Kc6 Na7+ 83. Kb6 Nc8+ 84. Kc6 Ra7 85. a5
Kf6 86. Kb5 Nd6+ 87. Kb6 Rb7+ 88. Kc5 Rd7 89. Kc6 Ke6 90. a6
Ra7 91. Ra4 Ke7 92. Ra1 Nc8 93. Re1+ Kd8 94. Rd1+ Ke8 95. Re1+
Kf7 96. Rf1+ Ke6 97. Re1+ Kf5 98. Rf1+ Ke5 99. Rf8 Nd6
100. Kb6 Rh7 101. a7 Nc4+ 102. Ka6 Rxa7+ 103. Kxa7 Nd6
104. Kb6 Kd5 105. Rd8 Ke5 106. Kc6 Ne4 107. Re8+ Kd4 108. Re7
Nc5 109. Rh7 Ne4 110. Rh5 Nc3 1/2-1/2

[Event "World Blitz Championship"]
[Site "Berlin GER"]
[Date "2015.10.13"]
[EventDate "2015.10.13"]
[Round "10.36"]
[Result "1/2-1/2"]
[White "Gawain Jones"]
[Black "Alexander Huzman"]
[WhiteElo "2623"]
[BlackElo "2580"]
[PlyCount "102"]

1. g3 d5 2. Bg2 g6 3. c4 dxc4 4. Na3 Nf6 5. Nxc4 Bg7 6. Nf3
O-O 7. O-O c5 8. d4 Be6 9. Ne3 Nc6 10. dxc5 Qa5 11. Ng5 Rfd8
12. Qe1 Qxc5 13. Nxe6 fxe6 14. Rb1 Nd5 15. a3 a5 16. Bh3 Kf7
17. b4 axb4 18. Nxd5 exd5 19. axb4 Qb5 20. Bd2 Nd4 21. Bg2
Nxe2+ 22. Kh1 Ra2 23. Rd1 e6 24. f4 Rc8 25. Rf2 Nd4 26. g4
Rcc2 27. f5 gxf5 28. Be3 Rxf2 29. Bxf2 Qe2 30. Qxe2 Rxe2
31. Bxd4 Bxd4 32. gxf5 Bc3 33. fxe6+ Kxe6 34. Bxd5+ Ke5
35. Bxb7 Bxb4 36. Rd7 Re1+ 37. Kg2 h6 38. Rh7 Bd2 39. Rd7 Bc3
40. Rd3 Bd4 41. Rh3 Rg1+ 42. Kf3 Rg6 43. Rh5+ Ke6 44. Ra5 Kf6
45. h4 Kg7 46. Bd5 Rf6+ 47. Kg4 Be3 48. Ra3 Bd2 49. Ra7+ Kf8
50. Ra8+ Kg7 51. Ra7+ Kf8 1/2-1/2

[Event "World Blitz Championship"]
[Site "Berlin GER"]
[Date "2015.10.13"]
[EventDate "2015.10.13"]
[Round "11.35"]
[Result "0-1"]
[White "Evgeny Postny"]
[Black "Gawain Jones"]
[WhiteElo "2658"]
[BlackElo "2623"]
[PlyCount "78"]

1. d4 Nf6 2. c4 g6 3. Nc3 Bg7 4. e4 d6 5. h3 O-O 6. Be3 Na6
7. Nf3 c5 8. d5 e6 9. Bd3 exd5 10. exd5 Bf5 11. Bxf5 gxf5
12. O-O Ne4 13. Nxe4 fxe4 14. Ng5 Qe7 15. Qb1 Rae8 16. h4 h6
17. Nh3 Qxh4 18. Nf4 Re5 19. g3 Qg4 20. Qd1 Qf5 21. Rb1 Nb4
22. Qd2 h5 23. a3 Nd3 24. Nxd3 exd3 25. Rfd1 h4 26. Qxd3 Qf3
27. Qf1 hxg3 28. Qg2 Rxe3 29. fxe3 Qxe3+ 30. Kh1 Qh6+ 31. Kg1
Bd4+ 32. Rxd4 Qe3+ 33. Kh1 cxd4 34. Rf1 Kg7 35. Qf3 Rh8+
36. Kg2 Qd2+ 37. Kxg3 Qh2+ 38. Kg4 Qh4+ 39. Kf5 Rh5+ 0-1

[Event "World Blitz Championship"]
[Site "Berlin GER"]
[Date "2015.10.14"]
[EventDate "2015.10.13"]
[Round "12.32"]
[Result "1-0"]
[White "Gawain Jones"]
[Black "Surya Shekhar Ganguly"]
[WhiteElo "2623"]
[BlackElo "2652"]
[PlyCount "121"]

1. e4 e6 2. d4 d5 3. Nd2 c5 4. Ngf3 cxd4 5. Nxd4 Nf6 6. exd5
Nxd5 7. a3 a6 8. Qf3 Bd6 9. Nc4 Bc5 10. Nb3 Be7 11. Bd3 Nc6
12. Qg3 O-O 13. Bh6 Bf6 14. O-O-O b5 15. Ne3 Bxb2+ 16. Kxb2
Qf6+ 17. Kc1 Qxh6 18. Be4 Nc3 19. Bf3 Nxd1 20. Rxd1 Bb7
21. Rd7 Rab8 22. Rxb7 Rxb7 23. Bxc6 Rbb8 24. Qe5 Qh4 25. Nc5
Rbc8 26. Bb7 Rcd8 27. Ne4 Qe7 28. Nc5 Rd6 29. f4 Rfd8 30. Nf5
Rd1+ 31. Kb2 Qf8 32. Ne3 Re1 33. Qc3 Rh1 34. Bxa6 Rxh2 35. Ne4
Ra8 36. Bxb5 Qb8 37. a4 Rxa4 38. Nd6 Ra8 39. Qc6 Rh5 40. Qd7
Ra7 41. Qe8+ Qxe8 42. Bxe8 Kf8 43. Bb5 Ke7 44. Nc8+ Kd8
45. Nxa7 Kc7 46. c4 Rh4 47. f5 Re4 48. fxe6 Rxe3 49. exf7 Re2+
50. Kc3 Rf2 51. Be8 g5 52. Nb5+ Kd8 53. c5 h5 54. c6 h4
55. Nd4 g4 56. Nf3 Ke7 57. c7 Rf1 58. Nd4 h3 59. c8=Q hxg2
60. Qc5+ Kd8 61. Ne6# 1-0

[Event "World Blitz Championship"]
[Site "Berlin GER"]
[Date "2015.10.14"]
[EventDate "2015.10.13"]
[Round "13.12"]
[Result "0-1"]
[White "Milos Perunovic"]
[Black "Gawain Jones"]
[WhiteElo "2622"]
[BlackElo "2623"]
[PlyCount "114"]

1. e4 c5 2. Nf3 d6 3. d4 cxd4 4. Nxd4 Nf6 5. Nc3 g6 6. Be3 Bg7
7. f3 Nc6 8. Qd2 O-O 9. O-O-O d5 10. Nxc6 bxc6 11. Bh6 Be6
12. Bxg7 Kxg7 13. e5 Nd7 14. h4 h5 15. f4 Rb8 16. Ne2 Nc5
17. Ng3 Qb6 18. b3 Ne4 19. Nxe4 dxe4 20. Be2 Rfd8 21. Qc3 Qf2
22. Bc4 Qxf4+ 23. Kb1 Bxc4 24. Qxc4 Qxe5 25. Qxc6 e3 26. Qf3
e2 27. Rc1 Rd2 28. Rhe1 Rbd8 29. a4 R8d4 30. Qc3 Qf6 31. Kb2
Rxh4 32. Qxf6+ Kxf6 33. Kc3 Rhd4 34. Rxe2 Rxe2 35. Kxd4 Rxg2
36. c4 e5+ 37. Kd5 Rd2+ 38. Kc6 e4 39. c5 Rb2 40. Kd5 Ke7
41. c6 Kd8 42. Rc3 f5 43. c7+ Kc8 44. Kc6 f4 45. Rc4 Rxb3
46. Rxe4 Rc3+ 47. Kd6 Rxc7 48. Rxf4 g5 49. Rf8+ Kb7 50. Rg8
Rc6+ 51. Kd5 Ra6 52. Rg7+ Kc8 53. Rg8+ Kd7 54. Rh8 Ra5+
55. Ke4 Rxa4+ 56. Kf5 g4 57. Kg5 Ra5+ 0-1